000 00322nam a2200145 i 4500
001 bg
100 1 _aMADEJSKI, J.
245 0 _aTermodynamika techniczna /
_cJ. Madejski.
250 _aWyd.2.
260 _aRzeszów,
_c1984.
040 _cBPK
041 _apol
942 _cKS
008 s pl f |000 0 pol
999 _c1078
_d1078
856 _uhttp://koha.tu.koszalin.pl/cgi-bin/koha/opac-detail.pl?biblionumber=1078
_yKatalog online BPK